[Event "Duisburg SBDU-ch"]
[Site "Duisburg Wohndorf Laar"]
[Date "2009.12.04"]
[Round "7"]
[White "Duda, Karl Heinz"]
[Black "Junker, Bernd"]
[Result "0-1"]
[WhiteElo "1548"]
[BlackElo "1643"]
[PlyCount "144"]
[EventDate "2009.09.11"]
[EventType "swiss"]
[EventRounds "7"]
[EventCountry "GER"]
[SourceTitle "EXT 2018"]
[Source "ChessBase"]
[SourceDate "2017.10.13"]
[SourceVersion "1"]
[SourceVersionDate "2017.10.13"]
[SourceQuality "1"]

1. c4 e6 2. Nc3 d5 3. cxd5 exd5 4. d4 Nf6 5. e3 Be7 6. Nf3 0-0 7. h3 c6 8. Bd3 Nbd7 9. Qc2 Re8 10. 0-0 Nf8 11. Re1 Bd6 12. e4 dxe4 13. Nxe4 Nxe4 14. Bxe4 Be6 15. Bd2 Qc7 16. Bc3 Be7 17. Rad1 Rad8 18. b3 Qc8 19. Qb2 Bf6 20. Ne5 Nd7 21. f4 Nb6 22. Qc2 g6 23. Ba5 Bd5 24. Bd3 Be6 25. Bc4 Rd6 26. Bb4 Nxc4 27. bxc4 Rdd8 28. Qe2 Bg7 29. Qc2 Bf5 30. Qb3 Bh6 31. Bc3 Bxf4 32. g4 Be6 33. d5 cxd5 34. cxd5 Qc5+ 35. Bd4 Qxd5 36. Qxd5 Bxd5 37. Nd3 Bb8 38. Bf6 Rxe1+ 39. Nxe1 Rd7 40. Nc2 Be6 41. Nd4 Bf4 42. Rd3 h6 43. Nxe6 Rxd3 44. Nxf4 Rf3 45. Nd5 Rxh3 46. Kg2 Ra3 47. Nc3 Ra6 48. Bd4 b6 49. a4 Ra5 50. Kf3 h5 51. gxh5 Rxh5 52. Nb5 a6 53. Nc7 b5 54. axb5 axb5 55. Ke4 b4 56. Kd3 Rh3+ 57. Kc4 b3 58. Nd5 Rh4 59. Nc3 f5 60. Kd3 Kf7 61. Ne2 Ke6 62. Bc3 Kd5 63. Bb2 f4 64. Nc3+ Ke6 65. Kc4 Rh2 66. Kxb3 Rxb2+ 67. Kxb2 f3 68. Ne4 Kf5 69. Nf2 Kf4 70. Kc2 Ke3 71. Nh3 f2 72. Nxf2 Kxf2 0-1

[Event "Duisburg SBDU-ch"]
[Site "Duisburg Wohndorf Laar"]
[Date "2009.11.19"]
[Round "6"]
[White "Hampel, Ernst"]
[Black "Duda, Karl Heinz"]
[Result "0-1"]
[WhiteElo "1597"]
[BlackElo "1548"]
[PlyCount "126"]
[EventDate "2009.09.11"]
[EventType "swiss"]
[EventRounds "7"]
[EventCountry "GER"]
[SourceTitle "EXT 2018"]
[Source "ChessBase"]
[SourceDate "2017.10.13"]
[SourceVersion "1"]
[SourceVersionDate "2017.10.13"]
[SourceQuality "1"]

1. d4 d5 2. c4 e6 3. cxd5 exd5 4. Nc3 Nf6 5. Nf3 Be7 6. Bg5 h6 7. Bh4 0-0 8. e3 Bf5 9. Qb3 Nbd7 10. Be2 Nb6 11. Ne5 c6 12. 0-0 Nfd7 13. Bxe7 Qxe7 14. Nd3 Rab8 15. Nf4 Rfe8 16. Bd3 Bxd3 17. Nxd3 Nc4 18. Rad1 Nf6 19. h3 g5 20. Ne1 Kg7 21. Qc2 Qe6 22. b3 Nd6 23. Ne2 Re7 24. Ng3 Nde4 25. Nxe4 Qxe4 26. g3 Rbe8 27. Qxe4 Nxe4 28. Nf3 f6 29. Kg2 Nc3 30. Rd2 Nb5 31. h4 Re4 32. hxg5 hxg5 33. Rh1 Rh8 34. Rxh8 Kxh8 35. a4 Nd6 36. Rc2 Kg7 37. a5 a6 38. Ne1 Nf5 39. Kf3 Nxd4+ 40. exd4 Rxe1 41. Kg4 Re4+ 42. f4 Rxd4 43. Re2 Kg6 44. Re7 f5+ 45. Kh3 g4+ 46. Kh4 Rb4 47. Rd7 Rxb3 48. Rd6+ Kf7 49. Kg5 Ke7 50. Rh6 d4 51. Kxf5 d3 52. Re6+ Kd7 53. Re3 Rb5+ 54. Kxg4 d2 55. Rd3+ Rd5 56. Rxd2 Rxd2 57. Kg5 Ke7 58. g4 Kf7 59. Kh6 Kf6 60. g5+ Kf5 61. Kh7 Rg2 62. Kh6 c5 63. Kh5 Rh2# 0-1

[Event "Duisburg SBDU-ch"]
[Site "Duisburg Wohndorf Laar"]
[Date "2009.10.02"]
[Round "3"]
[White "Duda, Karl Heinz"]
[Black "Plueckelmann, Thomas"]
[Result "1/2-1/2"]
[WhiteElo "1548"]
[BlackElo "1699"]
[PlyCount "119"]
[EventDate "2009.09.11"]
[EventType "swiss"]
[EventRounds "7"]
[EventCountry "GER"]
[SourceTitle "EXT 2018"]
[Source "ChessBase"]
[SourceDate "2017.10.13"]
[SourceVersion "1"]
[SourceVersionDate "2017.10.13"]
[SourceQuality "1"]

1. c4 e5 2. Nc3 Nf6 3. g3 c6 4. Bg2 Qb6 5. a3 d6 6. b4 Qd4 7. Qb3 Be6 8. d3 Ng4 9. e3 Qxd3 10. Bf1 Qg6 11. f3 Nh6 12. Bd2 f5 13. 0-0-0 Nd7 14. Bd3 Qf7 15. Nh3 Be7 16. Nf2 Nb6 17. e4 Ng8 18. exf5 Bxc4 19. Bxc4 Qxc4 20. Qxc4 Nxc4 21. a4 a6 22. a5 Nf6 23. Kc2 d5 24. Na2 Kf7 25. Bg5 h6 26. Bxf6 Bxf6 27. Rhe1 Rhe8 28. Kb3 Rad8 29. Nd3 Nd6 30. Nc5 Re7 31. Nc3 Nxf5 32. f4 Nd6 33. fxe5 Rxe5 34. Rf1 Re3 35. Rd3 Rde8 36. Rf3 Rxd3 37. Rxd3 Bxc3 38. Rxc3 Re7 39. Rf3+ Ke8 40. Kc3 Ne4+ 41. Kd4 Ng5 42. Rf4 Ne6+ 43. Nxe6 Rxe6 44. Kc5 Kd7 45. Kb6 Rf6 46. Rg4 g6 47. Kxb7 Rd6 48. Kxa6 d4 49. Rf4 d3 50. Rf7+ Kc8 51. Rf1 d2 52. Rd1 Kc7 53. b5 cxb5+ 54. Kxb5 h5 55. Kc4 Ra6 56. Rxd2 Rxa5 57. Kd4 Kd6 58. Ke4+ Ke6 59. Kf3 Kf5 60. Rb2 1/2-1/2

[Event "Duisburg SBDU-ch"]
[Site "Duisburg Wohndorf Laar"]
[Date "2008.11.27"]
[Round "6"]
[White "Scharrenbroich, Torsten Michael"]
[Black "Duda, Karl Heinz"]
[Result "1/2-1/2"]
[WhiteElo "1431"]
[BlackElo "1677"]
[PlyCount "87"]
[EventDate "2008.09.05"]
[EventType "swiss"]
[EventRounds "7"]
[EventCountry "GER"]
[SourceTitle "EXT 2018"]
[Source "ChessBase"]
[SourceDate "2017.10.13"]
[SourceVersion "1"]
[SourceVersionDate "2017.10.13"]
[SourceQuality "1"]

1. d4 d5 2. c4 e6 3. Nf3 Nf6 4. Nc3 c6 5. Bg5 Be7 6. Bxf6 Bxf6 7. e3 Nd7 8. Be2 dxc4 9. Bxc4 Be7 10. 0-0 Nf6 11. a3 0-0 12. Qc2 h6 13. Bd3 Bd6 14. h3 Qc7 15. Ne4 Nxe4 16. Bxe4 Bd7 17. Rad1 Rac8 18. Ne5 Bxe5 19. dxe5 Rcd8 20. f4 Bc8 21. Rxd8 Rxd8 22. Rd1 Qb6 23. Rxd8+ Qxd8 24. b4 a6 25. Qc5 g6 26. Qd4 Qe7 27. Qd6 Qd7 28. Qxd7 Bxd7 29. g4 Kg7 30. Kf2 Kf8 31. h4 Kg7 32. g5 h5 33. Ke2 Kf8 34. Kd3 Ke7 35. Kc4 b6 36. a4 Kd8 37. a5 Kc7 38. Bd3 Kb7 39. e4 Ka7 40. Kd4 Kb7 41. Bc4 Ka7 42. f5 Kb7 43. fxg6 fxg6 44. Kc3 1/2-1/2

[Event "Duisburg SBDU-ch"]
[Site "Duisburg Wohndorf Laar"]
[Date "2008.10.10"]
[Round "3"]
[White "Heinert, Eugen"]
[Black "Duda, Karl Heinz"]
[Result "1-0"]
[WhiteElo "1965"]
[BlackElo "1677"]
[PlyCount "91"]
[EventDate "2008.09.05"]
[EventType "swiss"]
[EventRounds "7"]
[EventCountry "GER"]
[SourceTitle "EXT 2018"]
[Source "ChessBase"]
[SourceDate "2017.10.13"]
[SourceVersion "1"]
[SourceVersionDate "2017.10.13"]
[SourceQuality "1"]

1. d4 d5 2. Nf3 e6 3. c4 Nf6 4. g3 dxc4 5. Qa4+ Nc6 6. Bg2 Bd7 7. Qxc4 Be7 8. 0-0 a6 9. Nc3 Rb8 10. Bd2 b5 11. Qd3 Nb4 12. Qb1 Nbd5 13. Nxd5 Nxd5 14. a3 c5 15. e4 Nf6 16. dxc5 Bxc5 17. b4 Be7 18. Bf4 Rc8 19. Rd1 Qb6 20. Ne5 Bc6 21. Nxc6 Qxc6 22. e5 Nd5 23. Rc1 Qd7 24. Rxc8+ Qxc8 25. Bxd5 exd5 26. Qd3 Qc4 27. Rd1 0-0 28. Qxd5 Qc8 29. Qd7 Rd8 30. Qxc8 Rxc8 31. Rd7 Bf8 32. Ra7 Rc6 33. Ra8 f6 34. exf6 Rxf6 35. Be5 Re6 36. f4 Kf7 37. Kf2 g6 38. Kf3 h5 39. Rc8 Re8 40. Rxe8 Kxe8 41. Ke4 Ke7 42. f5 gxf5+ 43. Kxf5 Bh6 44. Bf4 Bg7 45. Bc1 Bf6 46. Bg5 1-0

[Event "Duisburg SBDU-ch"]
[Site "Duisburg Wohndorf Laar"]
[Date "2008.09.05"]
[Round "1"]
[White "Straub, Peter"]
[Black "Duda, Karl Heinz"]
[Result "0-1"]
[WhiteElo "1035"]
[BlackElo "1677"]
[PlyCount "90"]
[EventDate "2008.09.05"]
[EventType "swiss"]
[EventRounds "7"]
[EventCountry "GER"]
[SourceTitle "EXT 2018"]
[Source "ChessBase"]
[SourceDate "2017.10.13"]
[SourceVersion "1"]
[SourceVersionDate "2017.10.13"]
[SourceQuality "1"]

1. e4 e6 2. Nc3 d5 3. d3 c5 4. b3 Nc6 5. Nf3 Be7 6. e5 d4 7. Ne4 b6 8. Bd2 Qc7 9. Nd6+ Bxd6 10. exd6 Qxd6 11. c3 e5 12. c4 Bf5 13. Nh4 Be6 14. Nf3 h6 15. h3 Nf6 16. Qe2 0-0 17. Nh2 Rfe8 18. 0-0-0 a5 19. a3 a4 20. Kb2 axb3 21. Ra1 Bf5 22. Kxb3 Qd7 23. g4 Be6 24. Bg2 Rab8 25. a4 b5 26. a5 bxc4+ 27. Kc2 c3 28. Bc1 Bb3+ 29. Kb1 Bd1+ 30. Qb2 cxb2 31. Bxb2 Be2 32. Kc1 Bxd3 33. a6 Na7 34. Ra5 Qc7 35. Ra3 Qb6 36. Rxd3 Qxb2+ 37. Kd1 Qa1+ 38. Ke2 Rb2+ 39. Rd2 Rxd2+ 40. Kxd2 Qc3+ 41. Kd1 Rb8 42. Nf3 Rb1+ 43. Ke2 Rb2+ 44. Kf1 Qc2 45. Kg1 Qxf2+ 0-1

[Event "Niedersachsen-ch Seniors op 11th"]
[Site "Bad Bevensen"]
[Date "2008.07.16"]
[Round "9"]
[White "Duda, Karl Heinz"]
[Black "Kuhnert, Werner Eberhard"]
[Result "1/2-1/2"]
[WhiteElo "1594"]
[BlackElo "1331"]
[PlyCount "21"]
[EventDate "2008.07.08"]
[EventType "swiss"]
[EventRounds "9"]
[EventCountry "GER"]
[SourceTitle "EXT 2022"]
[Source "ChessBase"]
[SourceDate "2021.10.06"]
[SourceVersion "1"]
[SourceVersionDate "2021.10.06"]
[SourceQuality "1"]

1. c4 c5 2. Nc3 Nf6 3. Nf3 d6 4. g3 Nc6 5. d3 e6 6. Bg2 Be7 7. 0-0 0-0 8. a3 a6 9. Rb1 Rb8 10. b4 cxb4 11. axb4 1/2-1/2

[Event "Schleswig Holstein-ch Seniors op"]
[Site "Eckernfoerde"]
[Date "2007.10.01"]
[Round "6"]
[White "Duda, Karl Heinz"]
[Black "Bock, Richard"]
[Result "1-0"]
[WhiteElo "1954"]
[BlackElo "1226"]
[PlyCount "63"]
[EventDate "2007.09.26"]
[EventType "swiss"]
[EventRounds "7"]
[EventCountry "GER"]
[SourceTitle "EXT 2008"]
[Source "ChessBase"]
[SourceDate "2007.11.25"]
[SourceVersion "1"]
[SourceVersionDate "2007.11.25"]
[SourceQuality "1"]

1. e4 e5 2. Nf3 Nc6 3. Bc4 Be7 4. d4 exd4 5. Nxd4 Ne5 6. Bb3 Nf6 7. 0-0 0-0 8. Qe2 d6 9. Nc3 c5 10. Nf5 Bxf5 11. exf5 a6 12. Bf4 Nc6 13. Nd5 Re8 14. c3 b5 15. Qf3 Na5 16. Bc2 Ra7 17. Rad1 Rd7 18. Rfe1 Nxd5 19. Qxd5 Qa8 20. Qd3 c4 21. Qg3 Bf6 22. h3 Qd8 23. Qf3 Kf8 24. g4 Bh4 25. Qg2 h6 26. Be3 Nb7 27. Rd2 Bf6 28. Qf3 d5 29. Rdd1 d4 30. cxd4 Bxd4 31. Rxd4 Rxd4 32. Bxd4 1-0

[Event "Schleswig Holstein-ch Seniors op"]
[Site "Eckernfoerde"]
[Date "2007.09.29"]
[Round "4"]
[White "Duda, Karl Heinz"]
[Black "Jensen, Helmut"]
[Result "1/2-1/2"]
[WhiteElo "1954"]
[BlackElo "1736"]
[PlyCount "102"]
[EventDate "2007.09.26"]
[EventType "swiss"]
[EventRounds "7"]
[EventCountry "GER"]
[SourceTitle "EXT 2008"]
[Source "ChessBase"]
[SourceDate "2007.11.25"]
[SourceVersion "1"]
[SourceVersionDate "2007.11.25"]
[SourceQuality "1"]

1. c4 e5 2. Nc3 Nc6 3. Nf3 g6 4. g3 Bg7 5. d3 d6 6. Bg2 Nge7 7. Bg5 h6 8. Bd2 0-0 9. 0-0 Be6 10. Qc1 Kh7 11. a3 Nf5 12. e3 Qd7 13. b4 Nfe7 14. Rb1 f5 15. Ne1 g5 16. f4 Ng6 17. Nc2 gxf4 18. exf4 e4 19. dxe4 Bxc4 20. exf5 Nge7 21. Re1 Nxf5 22. Ne3 Nxe3 23. Bxe3 Bd3 24. Be4+ Bxe4 25. Nxe4 Rae8 26. Bf2 Bd4 27. Qd2 Bxf2+ 28. Nxf2 Qf5 29. Rbc1 a6 30. Qc3 h5 31. Re3 Rxe3 32. Qxe3 Rf7 33. Re1 Kg6 34. Qd2 Re7 35. Rxe7 Nxe7 36. Qe3 Kf7 37. Qb3+ Qd5 38. Qc2 c6 39. Qh7+ Ke8 40. Qh8+ Kd7 41. Qb8 c5 42. bxc5 dxc5 43. Qh8 c4 44. Qc3 b5 45. Qa5 Qc6 46. Qc3 Qe6 47. Qd4+ Qd6 48. Qc3 Kc7 49. Ne4 Qb6+ 50. Nf2 Qd6 51. Ne4 Qb6+ 1/2-1/2

[Event "Schleswig Holstein-ch Seniors op"]
[Site "Eckernfoerde"]
[Date "2007.09.28"]
[Round "3"]
[White "Nickel, Juergen"]
[Black "Duda, Karl Heinz"]
[Result "1-0"]
[WhiteElo "1762"]
[BlackElo "1954"]
[PlyCount "53"]
[EventDate "2007.09.26"]
[EventType "swiss"]
[EventRounds "7"]
[EventCountry "GER"]
[SourceTitle "EXT 2008"]
[Source "ChessBase"]
[SourceDate "2007.11.25"]
[SourceVersion "1"]
[SourceVersionDate "2007.11.25"]
[SourceQuality "1"]

1. d4 d5 2. Nf3 Nf6 3. e3 e6 4. Bd3 c5 5. b3 Nc6 6. 0-0 cxd4 7. exd4 Bd7 8. Bb2 Nb4 9. Be2 Rc8 10. c3 Nc6 11. Nbd2 Bd6 12. Bd3 Qc7 13. Re1 0-0 14. Rc1 g6 15. c4 dxc4 16. bxc4 Nb4 17. Bb1 Ng4 18. g3 b6 19. Ne4 Be7 20. Ne5 Nxe5 21. dxe5 Qd8 22. Nf6+ Bxf6 23. exf6 Bc6 24. Qb3 Qd2 25. Bc3 Qh6 26. Bxb4 Qh3 27. Be4 1-0

[Event "Schleswig Holstein-ch Seniors op"]
[Site "Eckernfoerde"]
[Date "2007.09.27"]
[Round "2"]
[White "Duda, Karl Heinz"]
[Black "Johannsen, Ingbert"]
[Result "0-1"]
[WhiteElo "1954"]
[BlackElo "2117"]
[PlyCount "74"]
[EventDate "2007.09.26"]
[EventType "swiss"]
[EventRounds "7"]
[EventCountry "GER"]
[SourceTitle "EXT 2008"]
[Source "ChessBase"]
[SourceDate "2007.11.25"]
[SourceVersion "1"]
[SourceVersionDate "2007.11.25"]
[SourceQuality "1"]

1. c4 Nf6 2. Nc3 e6 3. Nf3 Be7 4. g3 d5 5. cxd5 exd5 6. e3 Nc6 7. d4 0-0 8. Bg2 Bf5 9. a3 Ne4 10. 0-0 Nxc3 11. bxc3 Na5 12. Nd2 Re8 13. Re1 c6 14. e4 dxe4 15. Bxe4 Bxe4 16. Rxe4 Bf6 17. Qe2 Qd7 18. Kg2 c5 19. Bb2 cxd4 20. cxd4 Nc6 21. Re1 Rxe4 22. Qxe4 Rd8 23. Nf3 h6 24. Rd1 Qd5 25. Qxd5 Rxd5 26. h4 h5 27. Kf1 Kh7 28. Ke2 Kg6 29. Kd3 Kf5 30. Kc4 Ke6 31. Re1+ Kd6 32. a4 Na5+ 33. Kd3 Nc6 34. Ba3+ Kd7 35. Kc4 Ra5 36. Kb3 Rf5 37. Re3 Rxf3 0-1

[Event "Schleswig Holstein-ch Seniors op"]
[Site "Eckernfoerde"]
[Date "2007.09.26"]
[Round "1"]
[White "Eigenmann, Peter"]
[Black "Duda, Karl Heinz"]
[Result "0-1"]
[WhiteElo "1356"]
[BlackElo "1954"]
[PlyCount "122"]
[EventDate "2007.09.26"]
[EventType "swiss"]
[EventRounds "7"]
[EventCountry "GER"]
[SourceTitle "EXT 2008"]
[Source "ChessBase"]
[SourceDate "2007.11.25"]
[SourceVersion "1"]
[SourceVersionDate "2007.11.25"]
[SourceQuality "1"]

1. b4 e5 2. Bb2 d6 3. e4 Nf6 4. d3 a6 5. a3 Bd7 6. Nf3 Nc6 7. Be2 Be7 8. 0-0 0-0 9. Nbd2 h6 10. c3 Bg4 11. d4 exd4 12. cxd4 Nd7 13. d5 Bxf3 14. Nxf3 Nce5 15. Nxe5 dxe5 16. Rc1 Bd6 17. Rc3 Nf6 18. Bd3 Qe7 19. Bc1 Rab8 20. Bc2 Rfd8 21. Rg3 Kh8 22. Qf3 Rg8 23. Qf5 Qd7 24. Qxd7 Nxd7 25. f4 exf4 26. Bxf4 Bxf4 27. Rxf4 f6 28. Bb3 Rge8 29. Bc2 Ne5 30. Rf1 Re7 31. Rd1 Rd8 32. Rc3 Red7 33. Rc1 c6 34. dxc6 Nxc6 35. Bb3 Nd4 36. Re1 Nb5 37. Rce3 Nxa3 38. Ba4 Rd3 39. Rxd3 Rxd3 40. Re2 Rd4 41. e5 fxe5 42. Rxe5 Rxb4 43. Re8+ Kh7 44. Bd7 Kg6 45. Rb8 b6 46. Be8+ Kf6 47. Bc6 a5 48. Rf8+ Ke7 49. Rg8 Kf7 50. Bd5+ Kg6 51. Re8 Rf4 52. Re6+ Rf6 53. Re3 Nb5 54. Rg3+ Kh7 55. Be4+ g6 56. Rb3 Nd4 57. Re3 Re6 58. g4 Kg7 59. h4 g5 60. h5 Nf3+ 61. Kg2 Nd2 0-1

[Event "Bayern-chB 77th"]
[Site "Bad Woerishofen"]
[Date "2006.08.28"]
[Round "4"]
[White "Schmidt, Volker"]
[Black "Duda, Karl Heinz"]
[Result "1/2-1/2"]
[WhiteElo "1800"]
[BlackElo "1668"]
[PlyCount "81"]
[EventDate "2006.08.26"]
[EventType "swiss"]
[EventRounds "9"]
[EventCountry "GER"]
[SourceTitle "EXT 2015"]
[Source "ChessBase"]
[SourceDate "2014.11.20"]
[SourceVersion "1"]
[SourceVersionDate "2014.11.20"]
[SourceQuality "1"]

1. c4 c5 2. Nf3 Nc6 3. Nc3 Nf6 4. g3 g6 5. Bg2 Bg7 6. 0-0 d6 7. Re1 Bg4 8. d3 Qc8 9. Bd2 0-0 10. Rb1 a6 11. a3 Rb8 12. Nd5 Nxd5 13. cxd5 Na7 14. Qc1 b5 15. Bh6 b4 16. Bxg7 Kxg7 17. Nd2 bxa3 18. bxa3 Qc7 19. Nc4 Rxb1 20. Qxb1 Rb8 21. Qa1+ Kg8 22. h3 Bd7 23. Kh2 Qb7 24. Qc3 Qb5 25. Qd2 Be8 26. Qg5 Qd7 27. h4 Qd8 28. Qf4 f6 29. Bf3 Bf7 30. Kg2 Kg7 31. Rh1 Qd7 32. Ne3 Nb5 33. Qa4 Qa7 34. h5 Nd4 35. hxg6 hxg6 36. Qa5 Qb7 37. Qd2 Qb2 38. Qa5 Qb7 39. Qd2 Qb2 40. Qa5 Qb7 41. Qd2 1/2-1/2

[Event "Bayern-chB 77th"]
[Site "Bad Woerishofen"]
[Date "2006.08.27"]
[Round "2"]
[White "Hackbarth, Wolfgang"]
[Black "Duda, Karl Heinz"]
[Result "1-0"]
[WhiteElo "2054"]
[BlackElo "1668"]
[PlyCount "58"]
[EventDate "2006.08.26"]
[EventType "swiss"]
[EventRounds "9"]
[EventCountry "GER"]
[SourceTitle "EXT 2015"]
[Source "ChessBase"]
[SourceDate "2014.11.20"]
[SourceVersion "1"]
[SourceVersionDate "2014.11.20"]
[SourceQuality "1"]

1. c4 e5 2. Nc3 b6 3. d3 Bb7 4. e4 Nc6 5. Nge2 Nge7 6. g3 h6 7. Bg2 Ng6 8. 0-0 Bc5 9. Nd5 Nd4 10. b4 Nxe2+ 11. Qxe2 Bd4 12. Rb1 c6 13. Ne3 d6 14. Kh1 0-0 15. Nf5 Bc8 16. f4 c5 17. Nxd4 cxd4 18. f5 Nh8 19. f6 g6 20. Bxh6 Re8 21. Qd2 Qd7 22. Bg7 Qg4 23. Bxh8 Qh5 24. Bg7 Kh7 25. Rf2 Rg8 26. Rbf1 Be6 27. h4 Rxg7 28. fxg7 Kxg7 29. Bf3 Qh7 1-0

[Event "GER-ch Seniors 18th"]
[Site "Dresden"]
[Date "2006.07.30"]
[Round "9"]
[White "Hoose, Hannelore"]
[Black "Duda, Karl Heinz"]
[Result "1/2-1/2"]
[WhiteElo "1554"]
[BlackElo "1671"]
[PlyCount "65"]
[EventDate "2006.07.22"]
[EventType "swiss"]
[EventRounds "9"]
[EventCountry "GER"]
[SourceTitle "EXT 2022"]
[Source "ChessBase"]
[SourceDate "2021.10.06"]
[SourceVersion "1"]
[SourceVersionDate "2021.10.06"]
[SourceQuality "1"]

1. e4 e6 2. d4 d5 3. e5 c5 4. c3 cxd4 5. cxd4 Nc6 6. Nf3 Bb4+ 7. Nc3 Nge7 8. Bd3 Ng6 9. 0-0 a6 10. Ne2 b5 11. Be3 Be7 12. a3 Nh4 13. Nxh4 Bxh4 14. Rc1 Bd7 15. Qd2 Na5 16. Bc2 Nc4 17. Qc3 Rc8 18. Bb1 Nxe5 19. Qe1 Nc4 20. g3 Bg5 21. Bxg5 Qxg5 22. f4 Qf6 23. Rc2 0-0 24. Rf3 Nd6 25. Rxc8 Rxc8 26. Rc3 g6 27. Qc1 Nc4 28. Bd3 Qd8 29. b3 Nd6 30. Rxc8 Qxc8 31. Qxc8+ Nxc8 32. Kf2 Ne7 33. a4 1/2-1/2

[Event "Mecklenburg VP-ch Seniors 05th"]
[Site "Plau am See"]
[Date "2005.10.05"]
[Round "2"]
[White "Voelzke, Siegfried"]
[Black "Duda, Karl Heinz"]
[Result "1-0"]
[WhiteElo "1961"]
[BlackElo "1645"]
[PlyCount "53"]
[EventDate "2005.10.04"]
[EventType "swiss"]
[EventRounds "9"]
[EventCountry "GER"]
[SourceTitle "EXT 2007"]
[Source "ChessBase"]
[SourceDate "2006.11.23"]
[SourceVersion "1"]
[SourceVersionDate "2006.11.23"]
[SourceQuality "1"]

1. Nf3 d5 2. g3 Nf6 3. Bg2 e6 4. 0-0 c5 5. c4 Nc6 6. b3 Be7 7. Bb2 0-0 8. cxd5 exd5 9. d4 b6 10. Nc3 Bb7 11. Rc1 Qd7 12. Ne5 Nxe5 13. dxe5 Ng4 14. Nxd5 Rad8 15. e4 Nh6 16. Qc2 f6 17. Rfd1 Qe6 18. Nf4 Qc6 19. Rxd8 Bxd8 20. Qc4+ Kh8 21. exf6 gxf6 22. e5 Qc8 23. Bxb7 Qxb7 24. Ne6 Qf7 25. Nxf8 Qxf8 26. Qe6 Ng8 27. Rd1 1-0

[Event "Duisburg Grossenbaum op"]
[Site "Duisburg"]
[Date "2005.05.16"]
[Round "6"]
[White "Duda, Karl Heinz"]
[Black "Neumueller, Daniel"]
[Result "1/2-1/2"]
[WhiteElo "1572"]
[BlackElo "1413"]
[PlyCount "66"]
[EventDate "2005.05.13"]
[EventType "swiss"]
[EventRounds "7"]
[EventCountry "GER"]
[SourceTitle "EXT 2006"]
[Source "ChessBase"]
[SourceDate "2005.11.24"]
[SourceVersion "1"]
[SourceVersionDate "2005.11.24"]
[SourceQuality "1"]

1. c4 e5 2. Nc3 Nf6 3. g3 g6 4. Bg2 Bg7 5. Nf3 d6 6. d3 0-0 7. 0-0 c6 8. Bg5 Be6 9. Qd2 Nbd7 10. Rfd1 Qc7 11. Rac1 Rfe8 12. b4 a6 13. a4 d5 14. cxd5 Nxd5 15. b5 Nxc3 16. Rxc3 e4 17. dxe4 Bxc3 18. Qxc3 Bg4 19. h3 Bxf3 20. Bxf3 Qe5 21. Qd2 Nf6 22. Bf4 Qe6 23. bxc6 bxc6 24. e5 Nh5 25. Bg4 Qe7 26. Bf3 Red8 27. Qc2 Rxd1+ 28. Qxd1 Nxf4 29. gxf4 Rc8 30. e3 c5 31. Bg4 Rc7 32. Qd5 h5 33. Be2 Ra7 1/2-1/2

[Event "Duisburg Grossenbaum op"]
[Site "Duisburg"]
[Date "2005.05.15"]
[Round "5"]
[White "Der, Josef"]
[Black "Duda, Karl Heinz"]
[Result "1-0"]
[WhiteElo "1664"]
[BlackElo "1572"]
[PlyCount "69"]
[EventDate "2005.05.13"]
[EventType "swiss"]
[EventRounds "7"]
[EventCountry "GER"]
[SourceTitle "EXT 2006"]
[Source "ChessBase"]
[SourceDate "2005.11.24"]
[SourceVersion "1"]
[SourceVersionDate "2005.11.24"]
[SourceQuality "1"]

1. d4 d5 2. Nf3 e6 3. g3 c5 4. e3 Nc6 5. c3 Nf6 6. Bg2 Bd7 7. 0-0 Bd6 8. dxc5 Bxc5 9. b4 Be7 10. Bb2 b5 11. Nbd2 a6 12. a3 0-0 13. Nd4 Rc8 14. Rc1 Ne5 15. Qe2 Qb6 16. Kh1 Rc7 17. f3 Bc8 18. e4 Bb7 19. exd5 Bxd5 20. Qxe5 Qb7 21. Rg1 Rfc8 22. g4 Nd7 23. Qg3 Nb6 24. f4 Na4 25. Ba1 Bf6 26. Ne2 Bxg2+ 27. Qxg2 Qb6 28. Ne4 Be7 29. f5 f6 30. Nf4 e5 31. Nd5 Qc6 32. Nxc7 Qxc7 33. g5 fxg5 34. Nxg5 Bf6 35. Qd5+ 1-0